[Event "2. Magistral Internacional de Cariló"]
[Site "Pinamar ARG"]
[Date "2005.04.05"]
[Round "1.1"]
[White "Claverie, Raul"]
[Black "Da Silva, Alessandro Rodrigue"]
[Result "1-0"]
[WhiteElo "2371"]
[BlackElo "2203"]
[PlyCount "127"]
[EventDate "2005.04.05"]
[EventType "tourn"]
[EventRounds "9"]
[EventCountry "ARG"]
[Source "lmi"]
[SourceDate "2005.04.10"]

1. e4 c5 2. c3 d5 3. d3 Nc6 4. Nf3 e5 5. Nbd2 Nf6 6. a3 Be7 7. b4 cxb4 8. axb4
Qc7 9. Be2 O-O 10. O-O dxe4 11. dxe4 Rd8 12. Qb3 Be6 13. Bc4 Bxc4 14. Qxc4 a6
15. Qe2 h6 16. Nc4 b5 17. Na3 Bf8 18. Ra2 Ne7 19. Bd2 Ng6 20. g3 Qc6 21. Re1
Qe6 22. Rea1 Qg4 23. Re1 Rac8 24. Kh1 Qe6 25. Raa1 Ng4 26. h3 Nf6 27. Kh2 Rc6
28. Rec1 Rcd6 29. Be1 Rd3 30. Nd4 R8xd4 31. cxd4 Qxh3+ 32. Kxh3 Nf4+ 33. Kh2
Nxe2 34. Rd1 Rxd1 35. Rxd1 Nxd4 36. Kg2 Nxe4 37. Rc1 Kh7 38. Rc8 Bd6 39. Nc2
Nxc2 40. Rxc2 Nf6 41. Rc6 Bf8 42. Rc8 Bd6 43. Bd2 Be7 44. Rc7 Bd6 45. Rxf7 Kg8
46. Ra7 Bf8 47. Rxa6 Nd5 48. Ra8 Kf7 49. Rd8 Nb6 50. Be1 Nc4 51. Rd5 Nd6 52.
Rxe5 Be7 53. Bc3 Bf6 54. Rc5 Be7 55. Rc7 g6 56. Bd4 Ke6 57. Bc5 Bf8 58. Rc6 Kd5
59. Ra6 Be7 60. Rb6 Nc4 61. Rxb5 Kc6 62. Rb8 Bg5 63. Rg8 Bd2 64. Rxg6+ 1-0

[Event "2. Magistral Internacional de Cariló"]
[Site "Pinamar ARG"]
[Date "2005.04.05"]
[Round "1.2"]
[White "Mahia, Gustavo"]
[Black "Varela, Daniel"]
[Result "1-0"]
[WhiteElo "2364"]
[BlackElo "2141"]
[PlyCount "61"]
[EventDate "2005.04.05"]
[EventType "tourn"]
[EventRounds "9"]
[EventCountry "ARG"]
[Source "lmi"]
[SourceDate "2005.04.10"]

1. d4 d5 2. c4 e6 3. Nc3 Nf6 4. Bg5 c6 5. e3 Nbd7 6. cxd5 exd5 7. Bd3 Be7 8.
Qc2 O-O 9. Nge2 Re8 10. f3 c5 11. O-O-O c4 12. Bf5 b5 13. Nxb5 Qa5 14. Nbc3 Nb6
15. g4 Rb8 16. Bxf6 Bxf5 17. gxf5 Bxf6 18. e4 Bg5+ 19. Kb1 dxe4 20. fxe4 Rb7
21. Rhg1 h6 22. Rg4 Reb8 23. h4 Be7 24. Rdg1 Bf8 25. Ka1 Nd7 26. Nd1 Nf6 27.
R4g2 Kh8 28. Nec3 Bb4 29. Rxg7 Bxc3 30. Nxc3 Rxb2 31. Qc1 1-0

[Event "2. Magistral Internacional de Cariló"]
[Site "Pinamar ARG"]
[Date "2005.04.05"]
[Round "1.3"]
[White "Malbran, Guillermo"]
[Black "Dos Santos, Francisco"]
[Result "1-0"]
[WhiteElo "2295"]
[BlackElo "2209"]
[PlyCount "113"]
[EventDate "2005.04.05"]
[EventType "tourn"]
[EventRounds "9"]
[EventCountry "ARG"]
[Source "lmi"]
[SourceDate "2005.04.10"]

1. e4 c6 2. d4 d5 3. e5 Bd7 4. Nf3 Na6 5. c3 Nc7 6. Bd3 Qc8 7. O-O Bf5 8. Bxf5
Qxf5 9. Nh4 Qd7 10. f4 O-O-O 11. f5 Kb8 12. Nd2 g5 13. Nhf3 Qxf5 14. Nb3 Nh6
15. Nxg5 Qg6 16. Qf3 Rg8 17. Rf2 Bg7 18. Nxf7 Rdf8 19. Bxh6 Bxh6 20. Nc5 Rxf7
21. Qxf7 Be3 22. Qxg6 Rxg6 23. Raf1 b6 24. Nd3 c5 25. Nf4 Rc6 26. dxc5 bxc5 27.
Rd1 Ra6 28. a3 Rb6 29. Rb1 Rh6 30. h3 d4 31. Kf1 Bxf2 32. Kxf2 Rb6 33. cxd4
cxd4 34. Nd3 Rb3 35. Nc5 Rb5 36. b4 a5 37. Kf3 Nd5 38. a4 Rxb4 39. Na6+ Ka7 40.
Nxb4 axb4 41. Rd1 Kb6 42. Rxd4 Kc5 43. Ke4 Nc3+ 44. Kd3 Nxa4 45. Rc4+ Kb5 46.
Rc7 Nc5+ 47. Kc2 e6 48. Rxh7 Kc6 49. Rh4 b3+ 50. Kc3 Kd5 51. Rb4 b2 52. Rb5
b1=Q 53. Rxb1 Ne4+ 54. Kd3 Nc5+ 55. Ke3 Na4 56. Rb5+ Kc6 57. Rb4 1-0

[Event "2. Magistral Internacional de Cariló"]
[Site "Pinamar ARG"]
[Date "2005.04.05"]
[Round "1.4"]
[White "Dolezal, Cristian"]
[Black "El Debs, Felipe"]
[Result "1-0"]
[WhiteElo "2405"]
[BlackElo "2341"]
[PlyCount "79"]
[EventDate "2005.04.05"]
[EventType "tourn"]
[EventRounds "9"]
[EventCountry "ARG"]
[Source "lmi"]
[SourceDate "2005.04.10"]

1. e4 c5 2. Nf3 g6 3. c3 Bg7 4. d4 cxd4 5. cxd4 d5 6. e5 Bg4 7. Nbd2 Nc6 8. h3
Bxf3 9. Nxf3 e6 10. Bd3 Nge7 11. O-O O-O 12. b3 f6 13. Bb2 fxe5 14. Nxe5 Nxe5
15. dxe5 Nc6 16. Qg4 Qe7 17. Rae1 Rf7 18. h4 Raf8 19. f4 Qb4 20. g3 Nxe5 21.
Bxe5 Bxe5 22. Rxe5 Qd4+ 23. Kg2 Qxd3 24. Qxe6 d4 25. Rd5 a5 26. Rf3 Qb1 27. Rf2
Qd3 28. Rxa5 b5 29. Qd5 Rc8 30. Ra7 Rcf8 31. Rb7 Kg7 32. Rxb5 Re8 33. Rb4 Re4
34. a4 Kf8 35. a5 Rfe7 36. Rb8+ Re8 37. f5 g5 38. f6 Rxb8 39. Qd6+ Kf7 40. Qd7+
1-0

[Event "2. Magistral Internacional de Cariló"]
[Site "Pinamar ARG"]
[Date "2005.04.06"]
[Round "2.2"]
[White "El Debs, Felipe"]
[Black "Quiroga, Facundo"]
[Result "1-0"]
[WhiteElo "2341"]
[BlackElo "2335"]
[PlyCount "53"]
[EventDate "2005.04.05"]
[EventType "tourn"]
[EventRounds "9"]
[EventCountry "ARG"]
[Source "lmi"]
[SourceDate "2005.04.10"]

1. e4 c5 2. Nf3 d6 3. d4 cxd4 4. Qxd4 Nc6 5. Bb5 Bd7 6. Bxc6 Bxc6 7. Nc3 h6 8.
Bd2 Nf6 9. O-O-O g6 10. Nd5 Bg7 11. Bc3 O-O 12. Rhe1 Rc8 13. Nb4 Nh5 14. e5
Bxf3 15. gxf3 a5 16. Nd5 b5 17. Qh4 Rc4 18. Nxe7+ Kh7 19. Re4 Rxe4 20. fxe4 b4
21. Rxd6 Qc7 22. Bd4 Qc4 23. b3 Qf1+ 24. Kb2 a4 25. bxa4 Ra8 26. Qg4 Rxa4 27.
Qc8 1-0

[Event "2. Magistral Internacional de Cariló"]
[Site "Pinamar ARG"]
[Date "2005.04.06"]
[Round "2.3"]
[White "Dos Santos, Francisco"]
[Black "Dolezal, Cristian"]
[Result "1/2-1/2"]
[WhiteElo "2209"]
[BlackElo "2405"]
[PlyCount "64"]
[EventDate "2005.04.05"]
[EventType "tourn"]
[EventRounds "9"]
[EventCountry "ARG"]
[Source "lmi"]
[SourceDate "2005.04.10"]

1. e4 Nc6 2. Nc3 e6 3. g3 d5 4. Bg2 d4 5. Nb1 e5 6. d3 Be6 7. a3 Qd7 8. h3 Bd6
9. Ne2 h5 10. f4 f6 11. f5 Bf7 12. Nd2 O-O-O 13. Nf3 g6 14. Nh4 Nge7 15. O-O
Rdg8 16. Bd2 gxf5 17. exf5 e4 18. Bxe4 Nd5 19. Kh2 Be5 20. Bxd5 Bxd5 21. Nf4
Ne7 22. Nfg6 Nxg6 23. fxg6 Rxg6 24. Bf4 Rxg3 25. Kxg3 Rg8+ 26. Kh2 Qf5 27. Qd2
Qg5 28. Qf2 Qxh4 29. Qxh4 Rg2+ 30. Kh1 Rg4+ 31. Kh2 Rg2+ 32. Kh1 Rg4+ 1/2-1/2

[Event "2. Magistral Internacional de Cariló"]
[Site "Pinamar ARG"]
[Date "2005.04.06"]
[Round "2.4"]
[White "Varela, Daniel"]
[Black "Malbran, Guillermo"]
[Result "0-1"]
[WhiteElo "2141"]
[BlackElo "2295"]
[PlyCount "52"]
[EventDate "2005.04.05"]
[EventType "tourn"]
[EventRounds "9"]
[EventCountry "ARG"]
[Source "lmi"]
[SourceDate "2005.04.10"]

1. Nf3 d6 2. e4 Bg4 3. d4 Nf6 4. Nc3 e6 5. Be2 c6 6. O-O Be7 7. Re1 O-O 8. a4
d5 9. e5 Nfd7 10. h3 Bxf3 11. Bxf3 c5 12. Ne2 cxd4 13. Nxd4 Nc6 14. Nxc6 bxc6
15. b3 Bb4 16. Bd2 Qa5 17. c3 Bxc3 18. Bxc3 Qxc3 19. Rc1 Qb4 20. Rxc6 Rfc8 21.
Rxc8+ Rxc8 22. Re3 Rc3 23. Qd2 Rxb3 24. Qxb4 Rxb4 25. Rc3 Rxa4 26. Rc7 Nb6 0-1

[Event "2. Magistral Internacional de Cariló"]
[Site "Pinamar ARG"]
[Date "2005.04.06"]
[Round "3.1"]
[White "Mahia, Gustavo"]
[Black "Da Silva, Alessandro Rodrigue"]
[Result "1-0"]
[WhiteElo "2364"]
[BlackElo "2203"]
[PlyCount "119"]
[EventDate "2005.04.05"]
[EventType "tourn"]
[EventRounds "9"]
[EventCountry "ARG"]
[Source "lmi"]
[SourceDate "2005.04.10"]

1. d4 d5 2. c4 e5 3. dxe5 d4 4. Nf3 Nc6 5. a3 a5 6. g3 Be6 7. Nbd2 g5 8. h3 h6
9. Bg2 Qd7 10. b3 Rd8 11. Bb2 Bg7 12. b4 axb4 13. axb4 d3 14. Bc3 dxe2 15. Qxe2
Qd3 16. Qxd3 Rxd3 17. Rc1 Nge7 18. b5 Nd8 19. Ke2 Rd7 20. Bb2 Bf5 21. Rhd1 Bd3+
22. Ke1 Ng6 23. Bf1 O-O 24. Nb3 Bf5 25. Nfd4 Bxe5 26. Nxf5 Rxd1+ 27. Rxd1 Bxb2
28. Nxh6+ Kg7 29. Nf5+ Kf6 30. Ne3 Bc3+ 31. Ke2 Re8 32. Bg2 Kg7 33. Nc5 Ne5 34.
Kf1 Bb4 35. Nd7 Nxd7 36. Rxd7 Ba5 37. c5 Ne6 38. c6 bxc6 39. Bxc6 Rd8 40. Rxd8
Nxd8 41. Bd5 Kf6 42. f4 gxf4 43. gxf4 Bc3 44. Ke2 Ke7 45. Kd3 Be1 46. h4 Kf6
47. h5 Bb4 48. Ke4 Bf8 49. Ng4+ Kg7 50. f5 f6 51. h6+ Kh7 52. Nxf6+ Kxh6 53.
Ne8 Kg5 54. Nxc7 Bc5 55. Ke5 Bg1 56. Ne6+ Nxe6 57. Kxe6 Bd4 58. Bc4 Kh6 59. f6
Kh7 60. f7 1-0

[Event "2. Magistral Internacional de Cariló"]
[Site "Pinamar ARG"]
[Date "2005.04.06"]
[Round "3.2"]
[White "Malbran, Guillermo"]
[Black "Claverie, Raul"]
[Result "1/2-1/2"]
[WhiteElo "2295"]
[BlackElo "2371"]
[PlyCount "119"]
[EventDate "2005.04.05"]
[EventType "tourn"]
[EventRounds "9"]
[EventCountry "ARG"]
[Source "lmi"]
[SourceDate "2005.04.10"]

1. e4 e6 2. d4 d5 3. Nc3 Nc6 4. Nf3 Nf6 5. Bd3 Bb4 6. Bg5 h6 7. Bxf6 Qxf6 8.
O-O Qd8 9. exd5 exd5 10. Re1+ Ne7 11. Ne5 c6 12. Qh5 O-O 13. Re3 f5 14. a3 Bd6
15. Rae1 Rf6 16. Ne2 Bxe5 17. dxe5 Rf8 18. Nf4 Qe8 19. Qxe8 Rxe8 20. c4 d4 21.
Rg3 Kh7 22. h4 g6 23. e6 Rf8 24. c5 b6 25. Rc1 Rf6 26. Rc4 bxc5 27. Rxc5 Rb8
28. b4 Rb6 29. Ra5 a6 30. Rc5 Rb8 31. Bc4 Ra8 32. Kf1 Bb7 33. Ke2 Rg8 34. Kd3
g5 35. hxg5 hxg5 36. Rh3+ Rh6 37. Rxh6+ Kxh6 38. Ne2 Kg6 39. Nxd4 Rh8 40. g3
Rh1 41. Ke2 Kf6 42. Ra5 Bc8 43. Bxa6 Bxe6 44. Nxe6 Kxe6 45. Bc4+ Kd6 46. g4 Rh4
47. Bd3 Rxg4 48. Bxf5 Rf4 49. Bc2 Nd5 50. Bb3 Nc3+ 51. Ke3 Nb5 52. Bd1 Rf8 53.
Bf3 Nd4 54. Kxd4 Rxf3 55. Rxg5 Rxa3 56. Rg6+ Kd7 57. Rg7+ Kd6 58. Rg6+ Kd7 59.
Rg7+ Kd6 60. Rg6+ 1/2-1/2

[Event "2. Magistral Internacional de Cariló"]
[Site "Pinamar ARG"]
[Date "2005.04.06"]
[Round "3.3"]
[White "Dolezal, Cristian"]
[Black "Varela, Daniel"]
[Result "1-0"]
[WhiteElo "2405"]
[BlackElo "2141"]
[PlyCount "109"]
[EventDate "2005.04.05"]
[EventType "tourn"]
[EventRounds "9"]
[EventCountry "ARG"]
[Source "lmi"]
[SourceDate "2005.04.10"]

1. e4 c5 2. Nf3 Nc6 3. d4 cxd4 4. Nxd4 Nf6 5. Nc3 e5 6. Ndb5 d6 7. Bg5 a6 8.
Na3 b5 9. Nd5 Be7 10. Nxe7 Nxe7 11. c3 O-O 12. Bd3 Bb7 13. Qf3 Nd7 14. g4 Nc5
15. O-O-O f6 16. Be3 Ne6 17. Nc2 Kh8 18. Nb4 Ng5 19. Qg2 a5 20. Nd5 b4 21. c4
Nxd5 22. cxd5 Nf7 23. Kb1 g6 24. Rc1 Rc8 25. h4 Kg7 26. h5 g5 27. f3 Rxc1+ 28.
Rxc1 Qb8 29. Qc2 Rc8 30. Qa4 Rxc1+ 31. Kxc1 Qc7+ 32. Kb1 Bc8 33. Qb5 Bd7 34.
Qb6 Qxb6 35. Bxb6 a4 36. Kc2 Kf8 37. Ba5 b3+ 38. axb3 axb3+ 39. Kxb3 Ke7 40.
Kb4 Nd8 41. Ba6 Nf7 42. Bb6 Nh6 43. Be2 Nf7 44. Ka5 Bc8 45. b4 Kd7 46. Bb5+ Ke7
47. Bc7 Nh6 48. Be2 Kd7 49. Kb6 Ke7 50. Ka7 Ng8 51. b5 f5 52. b6 fxe4 53. fxe4
Nf6 54. Bf3 Nd7 55. b7 1-0

[Event "2. Magistral Internacional de Cariló"]
[Site "Pinamar ARG"]
[Date "2005.04.07"]
[Round "4.3"]
[White "Varela, Daniel"]
[Black "Quiroga, Facundo"]
[Result "0-1"]
[WhiteElo "2141"]
[BlackElo "2335"]
[PlyCount "72"]
[EventDate "2005.04.05"]
[EventType "tourn"]
[EventRounds "9"]
[EventCountry "ARG"]
[Source "lmi"]
[SourceDate "2005.04.10"]

1. Nf3 Nf6 2. d4 c5 3. c3 cxd4 4. cxd4 g6 5. g3 Bg7 6. Bg2 O-O 7. O-O d6 8. Nc3
Qa5 9. Re1 Qh5 10. Qb3 Nc6 11. Qb5 Qxb5 12. Nxb5 Bg4 13. e3 a6 14. Na3 e5 15.
Bd2 e4 16. Ng5 d5 17. Rac1 h6 18. Nh3 g5 19. Kf1 Rfc8 20. Ng1 Bf8 21. h3 Be6
22. Nb1 Nd7 23. Rc2 Nb4 24. Rxc8 Rxc8 25. Bxb4 Bxb4 26. Nc3 Nb6 27. Rc1 Na4 28.
Nge2 Nxb2 29. Nb1 Rxc1+ 30. Nxc1 Nd3 31. Nxd3 exd3 32. g4 Bd7 33. Bxd5 Bb5 34.
Kg2 b6 35. a3 Ba5 36. Bb3 d2 0-1

[Event "2. Magistral Internacional de Cariló"]
[Site "Pinamar ARG"]
[Date "2005.04.07"]
[Round "4.5"]
[White "Mahia, Gustavo"]
[Black "Malbran, Guillermo"]
[Result "1-0"]
[WhiteElo "2364"]
[BlackElo "2295"]
[PlyCount "63"]
[EventDate "2005.04.05"]
[EventType "tourn"]
[EventRounds "9"]
[EventCountry "ARG"]
[Source "lmi"]
[SourceDate "2005.04.10"]

1. e4 Nf6 2. e5 Nd5 3. d4 d6 4. Nf3 Bg4 5. Be2 c6 6. c4 Nb6 7. Ng5 Bxe2 8. Qxe2
h6 9. Nf3 dxe5 10. dxe5 e6 11. O-O N8d7 12. Nc3 Qc7 13. Bf4 Be7 14. Ne4 O-O 15.
Rad1 a5 16. Rd4 c5 17. Rd3 Rfd8 18. b3 Nf8 19. Nd6 Ng6 20. Bg3 Bxd6 21. exd6
Qc6 22. h4 Nd7 23. h5 Ngf8 24. Rfd1 Re8 25. Be5 f6 26. Bc3 Nh7 27. Re3 Kf7 28.
Nh4 a4 29. Qg4 axb3 30. axb3 e5 31. Qg6+ Kg8 32. Nf5 1-0

[Event "2. Magistral Internacional de Cariló"]
[Site "Pinamar ARG"]
[Date "2005.04.07"]
[Round "5.1"]
[White "Malbran, Guillermo"]
[Black "Da Silva, Alessandro Rodrigue"]
[Result "1/2-1/2"]
[WhiteElo "2295"]
[BlackElo "2203"]
[PlyCount "30"]
[EventDate "2005.04.05"]
[EventType "tourn"]
[EventRounds "9"]
[EventCountry "ARG"]
[Source "lmi"]
[SourceDate "2005.04.10"]

1. e4 c5 2. Nf3 d6 3. c3 Nf6 4. Be2 Bd7 5. d3 g6 6. e5 dxe5 7. Nxe5 Nc6 8. Nxd7
Qxd7 9. O-O Bg7 10. a4 O-O 11. Nd2 Rfd8 12. Nc4 Qc7 13. Re1 Nd5 14. Bf3 Rd7 15.
Qb3 Rad8 1/2-1/2

[Event "2. Magistral Internacional de Cariló"]
[Site "Pinamar ARG"]
[Date "2005.04.07"]
[Round "5.2"]
[White "Dolezal, Cristian"]
[Black "Mahia, Gustavo"]
[Result "1/2-1/2"]
[WhiteElo "2405"]
[BlackElo "2364"]
[PlyCount "22"]
[EventDate "2005.04.05"]
[EventType "tourn"]
[EventRounds "9"]
[EventCountry "ARG"]
[Source "lmi"]
[SourceDate "2005.04.10"]

1. e4 e5 2. Nc3 Nf6 3. Nf3 Nc6 4. g3 Bc5 5. Bg2 d6 6. d3 a6 7. Be3 Bxe3 8. fxe3
O-O 9. Nh4 Ne7 10. O-O c6 11. Rb1 Ng4 1/2-1/2

[Event "2. Magistral Internacional de Cariló"]
[Site "Pinamar ARG"]
[Date "2005.04.08"]
[Round "6.1"]
[White "Da Silva, Alessandro Rodrigue"]
[Black "Dos Santos, Francisco"]
[Result "1-0"]
[WhiteElo "2203"]
[BlackElo "2209"]
[PlyCount "183"]
[EventDate "2005.04.05"]
[EventType "tourn"]
[EventRounds "9"]
[EventCountry "ARG"]
[Source "lmi"]
[SourceDate "2005.04.10"]

1. e4 e6 2. b3 d5 3. Bb2 dxe4 4. Nc3 Nf6 5. Qe2 Be7 6. O-O-O c6 7. d3 e3 8.
fxe3 Qa5 9. Kb1 Na6 10. e4 Bb4 11. Qd2 Bd7 12. Nge2 O-O-O 13. Qf4 e5 14. Qg3
Be6 15. h3 h6 16. Na4 b5 17. Nac3 Bd6 18. Qf3 Nc5 19. d4 Nb7 20. d5 Bd7 21. Ng3
c5 22. Nf5 Ne8 23. Ne3 f6 24. Rc1 Kb8 25. Ne2 Rc8 26. c4 b4 27. Kc2 Qb6 28. Ng3
a5 29. Be2 Kc7 30. Qf2 Ra8 31. Bg4 Bxg4 32. hxg4 Nd8 33. Qf5 Kb8 34. g5 Rf8 35.
gxh6 gxh6 36. Rxh6 a4 37. Rf1 axb3+ 38. axb3 Ra2 39. Ra1 Rxa1 40. Bxa1 Qa7 41.
Bb2 Qa2 42. Qd7 Nb7 43. Ne2 Nc7 44. Rh1 Qa6 45. Ra1 Qb6 46. Nf5 Rg8 47. Qh7 Re8
48. Rh1 Rc8 49. Qd7 Rd8 50. Qa4 Rg8 51. g3 Nd8 52. Qd7 Nb7 53. Ra1 Rd8 54. Qc6
Qxc6 55. dxc6 Na5 56. Rxa5 Bf8 57. Ne3 Bh6 58. Nd5 Bg5 59. Rxc5 Rh8 60. Nxc7
Kxc7 61. Rd5 Rh2 62. Kd3 Rh1 63. c5 Kxc6 64. Kc4 Rh2 65. Rd6+ Kc7 66. Bc1 Rxe2
67. Bxg5 fxg5 68. Kd5 Re3 69. g4 Rxb3 70. Rg6 Rd3+ 71. Kxe5 b3 72. Rb6 Rc3 73.
Kd4 Rg3 74. Kd5 Rd3+ 75. Kc4 Re3 76. Kd4 Rg3 77. Rb4 Kc6 78. Rb6+ Kc7 79. Kd5
Rd3+ 80. Ke6 Rf3 81. e5 Rf4 82. Rxb3 Rxg4 83. Kf5 Rc4 84. Kxg5 Rxc5 85. Kf6 Rc1
86. Rd3 Rf1+ 87. Ke7 Rc1 88. e6 Rc2 89. Ke8 Rc1 90. e7 Ra1 91. Rf3 Re1 92. Kf7
1-0

[Event "2. Magistral Internacional de Cariló"]
[Site "Pinamar ARG"]
[Date "2005.04.08"]
[Round "6.2"]
[White "Varela, Daniel"]
[Black "El Debs, Felipe"]
[Result "0-1"]
[WhiteElo "2141"]
[BlackElo "2341"]
[PlyCount "56"]
[EventDate "2005.04.05"]
[EventType "tourn"]
[EventRounds "9"]
[EventCountry "ARG"]
[Source "lmi"]
[SourceDate "2005.04.10"]

1. d4 d5 2. Nf3 Nf6 3. Bf4 c6 4. e3 Qb6 5. Qc1 Bf5 6. Nbd2 e6 7. Be2 Nbd7 8. h3
h6 9. c3 Be7 10. O-O c5 11. Ne5 O-O 12. Ndf3 Rac8 13. Kh2 Nxe5 14. Nxe5 Bd6 15.
g4 Bh7 16. Rg1 g5 17. Bg3 Qc7 18. Kg2 Ne4 19. f4 f6 20. Nf3 Nxg3 21. Kxg3 e5
22. fxe5 fxe5 23. dxe5 Bxe5+ 24. Kg2 Be4 25. Qe1 Rf6 26. Rf1 Rcf8 27. Rd1 Qf7
28. Qf2 Bb8 0-1

[Event "2. Magistral Internacional de Cariló"]
[Site "Pinamar ARG"]
[Date "2005.04.08"]
[Round "6.4"]
[White "Mahia, Gustavo"]
[Black "Quiroga, Facundo"]
[Result "1-0"]
[WhiteElo "2364"]
[BlackElo "2335"]
[PlyCount "69"]
[EventDate "2005.04.05"]
[EventType "tourn"]
[EventRounds "9"]
[EventCountry "ARG"]
[Source "lmi"]
[SourceDate "2005.04.10"]

1. d4 Nf6 2. c4 e6 3. Nc3 Bb4 4. e3 O-O 5. Bd3 d6 6. Nge2 e5 7. O-O Re8 8. Qc2
Qe7 9. Bxh7+ Nxh7 10. Nd5 Qd8 11. Nxb4 e4 12. f3 f5 13. Nd5 c6 14. Ndc3 exf3
15. gxf3 Qh4 16. Kh1 Nd7 17. Bd2 Ndf6 18. Rg1 Ng5 19. Raf1 Kf7 20. Nf4 Nh3 21.
Be1 Qh7 22. Nxh3 Qxh3 23. Qf2 Bd7 24. Rg3 Qh6 25. Bd2 Re7 26. Rfg1 Rg8 27. e4
Qh7 28. Bg5 Ree8 29. b4 Nh5 30. Rh3 g6 31. Rh4 Rgf8 32. Bf4 fxe4 33. Nxe4 Kg8
34. Bxd6 Rf5 35. Qg2 1-0

[Event "2. Magistral Internacional de Cariló"]
[Site "Pinamar ARG"]
[Date "2005.04.08"]
[Round "6.5"]
[White "Malbran, Guillermo"]
[Black "Dolezal, Cristian"]
[Result "1/2-1/2"]
[WhiteElo "2295"]
[BlackElo "2405"]
[PlyCount "90"]
[EventDate "2005.04.05"]
[EventType "tourn"]
[EventRounds "9"]
[EventCountry "ARG"]
[Source "lmi"]
[SourceDate "2005.04.10"]

1. e4 c5 2. Nf3 e6 3. Nc3 d6 4. g3 Nc6 5. Bg2 g6 6. d4 Bg7 7. dxc5 Bxc3+ 8.
bxc3 dxc5 9. Qxd8+ Kxd8 10. Bf4 f6 11. Bd6 e5 12. Bxc5 Be6 13. a4 Nge7 14. a5
Kc7 15. Nd2 Nc8 16. Nf1 Nxa5 17. Rxa5 b6 18. Bxb6+ Kxb6 19. Ra1 Nd6 20. Ne3 a5
21. O-O Kc5 22. Rfd1 a4 23. Nd5 Bxd5 24. Rxd5+ Kc6 25. f4 a3 26. fxe5 fxe5 27.
Rxe5 Nc4 28. Re6+ Kc5 29. e5 Ra7 30. Rc6+ Kb5 31. Bd5 Rd8 32. Rxc4 Rxd5 33. Re4
Kc5 34. e6 Rd8 35. e7 Re8 36. Kf2 a2 37. Rb4 Rexe7 38. Rb2 Rf7+ 39. Kg1 Ra3 40.
Rbxa2 Rxc3 41. Ra7 Rxa7 42. Rxa7 Kd5 43. Rxh7 Ke6 44. Kg2 Kf6 45. Kh3 Rxc2
1/2-1/2

[Event "2. Magistral Internacional de Cariló"]
[Site "Pinamar ARG"]
[Date "2005.04.09"]
[Round "7.1"]
[White "Dolezal, Cristian"]
[Black "Da Silva, Alessandro Rodrigue"]
[Result "1/2-1/2"]
[WhiteElo "2405"]
[BlackElo "2203"]
[PlyCount "154"]
[EventDate "2005.04.05"]
[EventType "tourn"]
[EventRounds "9"]
[EventCountry "ARG"]
[Source "lmi"]
[SourceDate "2005.04.10"]

1. c4 e5 2. Nc3 f5 3. g4 fxg4 4. Bg2 Nf6 5. d3 h6 6. h3 gxh3 7. Nxh3 Nc6 8. Ng5
Bb4 9. Nge4 Nxe4 10. Bxe4 Qf6 11. Be3 d6 12. Qb3 Bd7 13. O-O-O Bxc3 14. bxc3
Rb8 15. Rdg1 g5 16. c5 dxc5 17. Bxc5 Na5 18. Qa3 b6 19. Be3 Bc6 20. Rg4 Kd7 21.
Rh3 Bxe4 22. Rxe4 Qd6 23. Qa4+ Nc6 24. Qb5 a6 25. Qb3 Qe6 26. Qxe6+ Kxe6 27. f4
gxf4 28. Bxf4 Rbf8 29. Rxh6+ Rxh6 30. Bxh6 Rf1+ 31. Kc2 Kd5 32. Bc1 Rf7 33. Rh4
Ke6 34. Bg5 Kd7 35. Be3 Ke6 36. Rh6+ Rf6 37. Rh8 Rf7 38. Ra8 a5 39. Rh8 Ne7 40.
Bg5 Kd5 41. Rh6 Nf5 42. Rg6 Ne7 43. Rh6 Nf5 44. Rh2 Ne7 45. Kb3 Ke6 46. a4 Nf5
47. Bd2 Nd6 48. e4 Rf3 49. Kc2 Kd7 50. Rh7+ Nf7 51. Kd1 Ke6 52. Ke2 Rg3 53. Be1
Rg4 54. Bf2 Rf4 55. Be3 Rf6 56. Rg7 Kd6 57. Rg8 Re6 58. Rf8 Ke7 59. Rc8 Kd7 60.
Rg8 Ke7 61. Rg4 Nd6 62. Rg5 Kd7 63. Bf2 Nb7 64. Kd2 Kd6 65. Kc2 Kc6 66. Kb3 Rf6
67. Bg1 Kd6 68. Kc4 Rh6 69. Bf2 Kd7 70. Bg3 Nd6+ 71. Kb3 Nf7 72. Rf5 Ke6 73.
Kc2 Rg6 74. Bh4 Rh6 75. Bg3 Rg6 76. Bh4 Rh6 77. Bg3 Rg6 1/2-1/2

[Event "2. Magistral Internacional de Cariló"]
[Site "Pinamar ARG"]
[Date "2005.04.09"]
[Round "7.2"]
[White "Quiroga, Facundo"]
[Black "Malbran, Guillermo"]
[Result "1/2-1/2"]
[WhiteElo "2335"]
[BlackElo "2295"]
[PlyCount "39"]
[EventDate "2005.04.05"]
[EventType "tourn"]
[EventRounds "9"]
[EventCountry "ARG"]
[Source "lmi"]
[SourceDate "2005.04.10"]

1. d4 Nf6 2. c4 c5 3. d5 b5 4. f3 Qa5+ 5. Bd2 b4 6. Na3 Qb6 7. Nc2 a5 8. a4 d6
9. e4 g6 10. Bd3 Bg7 11. Rb1 e5 12. dxe6 fxe6 13. Ne2 O-O 14. O-O Nc6 15. f4 e5
16. Ne3 exf4 17. Nxf4 Ne5 18. Nfd5 Qd8 19. Bc2 Ra7 20. b3 1/2-1/2

[Event "2. Magistral Internacional de Cariló"]
[Site "Pinamar ARG"]
[Date "2005.04.09"]
[Round "7.4"]
[White "El Debs, Felipe"]
[Black "Claverie, Raul"]
[Result "0-1"]
[WhiteElo "2341"]
[BlackElo "2371"]
[PlyCount "102"]
[EventDate "2005.04.05"]
[EventType "tourn"]
[EventRounds "9"]
[EventCountry "ARG"]
[Source "lmi"]
[SourceDate "2005.04.10"]

1. e4 e6 2. d4 d5 3. e5 c5 4. c3 Bd7 5. Nf3 Qb6 6. a3 Nc6 7. b4 c4 8. a4 a5 9.
b5 Na7 10. h4 O-O-O 11. h5 Kb8 12. Bf4 Nc8 13. g3 Qc7 14. Bh3 Nb6 15. Nbd2 Be8
16. Nf1 h6 17. Ne3 Qe7 18. Ra2 g5 19. hxg6 fxg6 20. Bg2 Qg7 21. Ng4 g5 22. Bc1
Bg6 23. Ng1 Be7 24. f4 h5 25. Nf6 g4 26. f5 exf5 27. Bf4 Ka7 28. Nxg8 Rdxg8 29.
Rf2 Be8 30. Ne2 Qf8 31. Bc1 h4 32. Rhf1 Bd7 33. Nf4 hxg3 34. Re2 Rh2 35. Bxd5
Bh4 36. Bg2 Be7 37. Be3 Ka8 38. d5 Bc5 39. d6 Bxe3 40. Rxe3 Qc8 41. e6 Bxe6 42.
Rxe6 Rxg2 43. d7 Nxd7 44. Nxg2 Nc5 45. Re3 Rd8 46. Qc2 Nd3+ 47. Ke2 Rh8 48.
Rxg3 Rh2 49. Kd1 f4 50. Nxf4 Rxc2 51. Kxc2 Qf5 0-1

[Event "2. Magistral Internacional de Cariló"]
[Site "Pinamar ARG"]
[Date "2005.04.09"]
[Round "7.5"]
[White "Dos Santos, Francisco"]
[Black "Varela, Daniel"]
[Result "1-0"]
[WhiteElo "2209"]
[BlackElo "2141"]
[PlyCount "99"]
[EventDate "2005.04.05"]
[EventType "tourn"]
[EventRounds "9"]
[EventCountry "ARG"]
[Source "lmi"]
[SourceDate "2005.04.10"]

1. Nf3 d5 2. d4 Nf6 3. Bf4 Bf5 4. e3 e6 5. c3 c6 6. Qb3 Qb6 7. Be2 h6 8. h3 Be7
9. Nbd2 O-O 10. O-O Nbd7 11. Rfc1 c5 12. c4 Rfc8 13. Ne5 cxd4 14. Nxd7 Nxd7 15.
cxd5 dxe3 16. Bxe3 Qxb3 17. axb3 Rxc1+ 18. Rxc1 exd5 19. Rc7 Bf6 20. Nf3 Bxb2
21. Nd4 Bxd4 22. Bxd4 b6 23. g4 Be6 24. b4 a5 25. f4 g6 26. Bd3 Nf8 27. f5 gxf5
28. gxf5 Bd7 29. Rc2 f6 30. Bxf6 Kf7 31. Bd4 Rc8 32. Rg2 Rc1+ 33. Kf2 Rd1 34.
Rg7+ Ke8 35. Bf6 Ba4 36. Bb5+ Bxb5 37. Re7+ Kd8 38. Re1+ Kd7 39. Rxd1 Kc6 40.
bxa5 bxa5 41. Ke3 Nh7 42. Be7 Bc4 43. Rg1 Ng5 44. Bxg5 hxg5 45. Rxg5 a4 46. Kd4
a3 47. h4 a2 48. Rg1 Kd6 49. h5 Bb3 50. Kc3 1-0